| 000 | 004580000a22001810004500 | ||
|---|---|---|---|
| 003 | MACL | ||
| 005 | 20150902163922.0 | ||
| 008 | 150902b xxu||||| |||| 00| 0 eng d | ||
| 040 |
_aMACL _cMACL |
||
| 041 | _aEnglish | ||
| 082 | _a800/NAR | ||
| 100 |
_aNarasimhaiah, C. D. _98764 |
||
| 245 |
_aCommonwealth Literature _bProblems of Response |
||
| 260 |
_bMacmillan India _c1981 _aMadras |
||
| 350 | _a45 | ||
| 650 |
_aLiterature _98766 |
||
| 942 |
_cBK _k800 _2ddc |
||
| 999 |
_c5795 _d5795 |
||